Technology and understanding. What should be the role of calculators and computers in mathematics education? (Record no. 77864)

MARC details
000 -CABECERA
campo de control de longitud fija 00776nam a2200253 a 4500
005 - FECHA Y HORA DE LA ÚLTIMA TRANSACCIÓN
campo de control 20210219153456.0
008 - ELEMENTOS DE LONGITUD FIJA--INFORMACIÓN GENERAL
campo de control de longitud fija 991125n 000 0 u
035 ## - NÚMERO DE CONTROL DEL SISTEMA
Número de control de sistema UPN01000101859
100 ## - ASIENTO PRINCIPAL--NOMBRE PERSONAL
Nombre de persona Baggett, Patricia
222 #0 - TÍTULO CLAVE
Título clave JOURNAL OF MATHEMATICAL BEHAVIOR
245 #0 - MENCIÓN DE TÍTULO
Título Technology and understanding. What should be the role of calculators and computers in mathematics education?
300 ## - DESCRIPCIÓN FÍSICA
Extensión 61-72
362 ## - FECHAS DE PUBLICACIÓN Y/O DESIGNACIÓN SECUENCIAL
Fecha de publicación y/o designación secuencial 11, No. 1, 1992
505 ## - NOTA DE CONTENIDO CON FORMATO PREESTABLECIDO
Nota de contenido con formato Enero 1993
653 0# - TERMINO DE INDIZACION - NO CONTROLADO
Término no controlado ALGORITMOS
653 0# - TERMINO DE INDIZACION - NO CONTROLADO
Término no controlado DESARROLLO COGNOSCITIVO
653 0# - TERMINO DE INDIZACION - NO CONTROLADO
Término no controlado DISEÑO ASISTIDO POR ORDENADOR
653 0# - TERMINO DE INDIZACION - NO CONTROLADO
Término no controlado ENSE\197ANZA MATEMATICA
653 0# - TERMINO DE INDIZACION - NO CONTROLADO
Término no controlado MATERIALES EDUCATIVOS
653 0# - TERMINO DE INDIZACION - NO CONTROLADO
Término no controlado METODOS DE ENSEÑANZA
700 ## - ASIENTO SECUNDARIO--NOMBRE DE PERSONAL
Nombre de persona Ehrenfeucht, Andrzej
904 ## - ELEMENTOS DE DATOS D LOCAL, LDD (RLIN)
a AC
b 039670
905 ## - TIPO DE MATERIAL
Tipo de material Articulo

No items available.